A beginner's guide to the MMPI-2 / (Record no. 505)

MARC details
000 -LEADER
fixed length control field 01383pam a22002774a 4500
003 - CONTROL NUMBER IDENTIFIER
control field data
005 - DATE AND TIME OF LATEST TRANSACTION
control field 20260322212022.0
008 - FIXED-LENGTH DATA ELEMENTS--GENERAL INFORMATION
fixed length control field data
010 ## - LIBRARY OF CONGRESS CONTROL NUMBER
LC control number 2004008706
020 ## - INTERNATIONAL STANDARD BOOK NUMBER
International Standard Book Number 159147146X
020 ## - INTERNATIONAL STANDARD BOOK NUMBER
International Standard Book Number 9781591471462
040 ## - CATALOGING SOURCE
Original cataloging agency DLC
Transcribing agency DLC
Modifying agency YDX
042 ## - AUTHENTICATION CODE
Authentication code pcc
050 00 - LIBRARY OF CONGRESS CALL NUMBER
Classification number BF698.8.M5
Item number B86 2005
082 00 - DEWEY DECIMAL CLASSIFICATION NUMBER
Classification number 155.2/83
Edition information 22
096 ## - LOCALLY ASSIGNED NLM-TYPE CALL NUMBER (OCLC)
Classification number WM 145 B86 2005
001 - CONTROL NUMBER
control field data
100 1# - MAIN ENTRY--PERSONAL NAME
Personal name Butcher, James Neal,
Dates associated with a name 1933-
245 12 - TITLE STATEMENT
Title A beginner's guide to the MMPI-2 /
Statement of responsibility, etc. James Neal Butcher.
250 ## - EDITION STATEMENT
Edition statement 2nd ed.
260 ## - PUBLICATION, DISTRIBUTION, ETC.
Place of publication, distribution, etc. Washington, DC :
Name of publisher, distributor, etc. American Psychological Association,
Date of publication, distribution, etc. c2005.
300 ## - PHYSICAL DESCRIPTION
Extent xi, 233 p. :
Other physical details ill. ;
Dimensions 27 cm.
504 ## - BIBLIOGRAPHY, ETC. NOTE
Bibliography, etc. note Includes bibliographical references (p. 193-220) and index.
505 0# - FORMATTED CONTENTS NOTE
Formatted contents note A well-traveled path : MMPI use and administration -- To believe or not to believe, that is the question : assessing MMPI-2 test result validity -- A bond with the past : the MMPI-2 basic clinical scales -- The analysis of complex cases : code-type interpretation -- The content scales : an assessment of client content themes -- The MMPI-2 supplemental scales : an appraisal of special problems -- Putting it all together : how to interpret a profile and organize test inferences -- Using the MMPI-2 in clinical cases from diverse settings -- The report : documenting the results of MMPI-2 evaluations.
650 #0 - SUBJECT ADDED ENTRY--TOPICAL TERM
Topical term or geographic name entry element Minnesota Multiphasic Personality Inventory.
Holdings
Withdrawn status Lost status Damaged status Not for loan Home library Current library Shelving location Date acquired Total checkouts Full call number Barcode Date last seen Price effective from Koha item type
        Centerville Centerville General stacks 22/03/2026   155.2/83 22 BC0010516 22/03/2026 22/03/2026 Books